000
00383nam a22001337a 4500
003
SGT
020
_a
9789392432101
082
_a
920
_b
M23S
100
_a
सिंह, हरिशंकर
245
_a
मेरी जीवन यात्रा : जीवन के 75वर्ष
260
_b
साहित्य भंडार
_c
2023
300
_a
88
942
_2
ddc
_c
BK
999
_c
31500
_d
31500